|
|
|
|
| LEADER |
00000cam a2200000 a 4500 |
| 001 |
vtls009493047 |
| 003 |
SK-MaSNL |
| 005 |
20260302080521.0 |
| 008 |
251029s1957 gw a n 001 0 ger |
| 015 |
|
|
|a SNBZSA2010-00179
|
| 020 |
|
|
|q (brož.)
|
| 035 |
|
|
|a 548BDB97-20C2-4C52-9CEF-C7EA70982110
|
| 035 |
|
|
|a urn:nbn:sk:snk-amk8cj
|
| 035 |
|
|
|a urn:nbn:sk:snk-am008ap7
|
| 040 |
|
|
|a SNK
|b slo
|c SNK
|e AACR2
|
| 041 |
0 |
|
|a ger
|
| 043 |
|
|
|a e-xo---
|a e-rm---
|
| 044 |
|
|
|a gw
|c DE
|
| 072 |
|
7 |
|a 811.112.2
|x Nemčina
|2 konspekt
|
| 080 |
|
|
|a 811.112.2
|2 2001
|
| 080 |
|
|
|a 81'282
|2 2001
|
| 080 |
|
|
|a (437.6=112.2)
|2 2001
|
| 100 |
1 |
|
|a Schwarz, Ernst
|4 aut
|9 640696
|
| 245 |
1 |
4 |
|a Die Herkunft der Siebenbürger und Zipser Sachsen
|b Siebenbürger und Zipser Sachsen, Ostmitteldeutsche, Rheinländer im Spiegel der Mundarten
|c von Ernst Schwarz
|
| 260 |
|
|
|a München
|b Südostdeutsches Kulturwerk
|c 1957
|
| 300 |
|
|
|a 229 s.
|b ilustr.
|c 21 cm
|
| 490 |
1 |
|
|a Veröffentlichungen des Südostdeutschen Kulturwerks
|v Nr. 8
|a Reihe B, Wissenschaftliche Arbeiten
|
| 504 |
|
|
|a Bibliogr. s. 9-11. Reg.
|
| 650 |
0 |
7 |
|a Karpatskí Nemci
|2 SNKPH
|9 253235
|
| 650 |
0 |
7 |
|a dialekty
|2 SNKPH
|9 19030
|
| 650 |
0 |
7 |
|a nemčina
|2 SNKPH
|9 1384
|
| 651 |
|
7 |
|a Spiš (Slovensko : región)
|2 SNKPH
|9 17692
|
| 651 |
|
7 |
|a Sedmohradsko (Rumunsko)
|2 SNKPH
|9 215368
|
| 655 |
|
7 |
|a monografie
|2 SNKPH
|9 70139
|
| 830 |
|
0 |
|a Veröffentlichungen des Südostdeutschen Kulturwerks
|a Reihe B, Wissenschaftliche Arbeiten
|9 744729
|
| 852 |
|
|
|a Slovenská národná knižnica
|
| 958 |
|
|
|a OND
|
| 958 |
|
|
|a ZS
|
| 958 |
|
|
|a DE
|
| 958 |
|
|
|a NB
|
| 958 |
|
|
|a RO
|
| 999 |
|
|
|c 1173413
|d 1175343
|
| 952 |
|
|
|a SNK
|b SNK
|y VYP
|7 0
|p 17A0641121
|o snkSC 135859 D1
|i snk2010/224
|8 2
|g 7.50
|0 0
|1 0
|4 0
|d 2009-10-08
|f 1
|l 0
|r 2026-02-24 21:12:22
|w 2026-02-24
|
| 952 |
|
|
|a SNK
|b SNK
|y PREZ
|7 0
|p 17A0620630
|o snkSC 135859
|i snk2009/8653
|8 2
|g 7.50
|0 0
|1 0
|4 0
|d 2009-04-17
|l 0
|r 2025-07-02 00:00:00
|w 2026-02-24
|